Beginning XHTML /
Bewaard in:
| Hoofdauteur: | |
|---|---|
| Formaat: | Boek |
| Taal: | English |
| Gepubliceerd in: |
Birmingham, England :
Wrox Press,
2000
|
| Onderwerpen: | |
| Tags: |
Voeg label toe
Geen labels, Wees de eerste die dit record labelt!
|
| Thư viện lưu trữ: | Mạng thư viện Đại học Đà Nẵng |
|---|
| LEADER | 00823cam a2200337 i 4500 | ||
|---|---|---|---|
| 001 | 000045117 | ||
| 003 | 4242 | ||
| 005 | 20021115431150.0 | ||
| 008 | 010220|2000 vm 000 eng | ||
| 020 | |a 1861003439 | ||
| 040 | |a IRC |c IRC |d IRC | ||
| 041 | 0 | |a eng | |
| 082 | 1 | 4 | |a 005.72 |b BO-F |
| 100 | 1 | |a Boumphrey, Frank | |
| 245 | 0 | 0 | |a Beginning XHTML / |c Frank Boumphrey .. [et al.] |
| 260 | |a Birmingham, England : |b Wrox Press, |c 2000 | ||
| 300 | |a xxi, 733p. : |b ill. | ||
| 630 | 0 | 4 | |a Computer |
| 630 | 0 | 4 | |a XHTML |
| 650 | 0 | 4 | |a XHTML (Document markup language) |
| OWN | |a DUT | ||
| 049 | 0 | 0 | |a mt |
| 999 | |a From the UDN01 | ||
| TYP | |a Monograph | ||
| TYP | |a Printed language | ||
| 980 | |a Mạng thư viện Đại học Đà Nẵng | ||


